000 00813nam a2200253 u 4500
005 20240815063724.0
008 140819s2006 mx r 000 0 spa d
020 _a9681680324
035 _aUPN01000198886
049 _aCG
050 4 _aQL737 C2.3
_bS3.3
100 1 _aScott, Jonathan
_936355
245 1 0 _aDiario de grandes felinos :
_bleones /
_cJonathan, Scott, Angela Scott ; tr. Virginia Aguirre.
260 _aMéxico :
_bFCE,
_c2006.
300 _a135 p. :
_bil. col.
440 0 _aSección de obras de ciencia y tecnología
534 _pTitulo original:
_tBig cat diary : lion
650 4 _aLEONES
_920629
650 4 _aAnimales
_xHábitos y comportamiento
_91059
650 4 _aFELINOS -
_vLITERATURA JUVENIL
_912503
700 1 _aScott, Angela,
_ecoaut.
905 _aLibro
999 _c170987
_d170987